| 000 | 00453pab a2200181 454500 | ||
|---|---|---|---|
| 008 | 180718b2009 xxu||||| |||| 00| 0 eng d | ||
| 100 | _aSingh, Kuldeep | ||
| 245 | _aDalits politics and leadership after Dr. B.R. Ambedkar | ||
| 260 | _c2009 | ||
| 300 | _ap.411-27. | ||
| 362 | _aJul | ||
| 650 | _aAmbedkar, B.R. | ||
| 650 | _aLeadership | ||
| 650 | _aBackward classes | ||
| 773 | _aIndian Journal of Social Work | ||
| 908 | _aN | ||
| 909 | _a85838 | ||
| 999 |
_c85838 _d85838 |
||